| 000 | 00883am a2200289a 44500 | ||
|---|---|---|---|
| 003 | AR-BaBNM | ||
| 005 | 20251128203213.0 | ||
| 008 | 046019s1969 #AR|||||||||||000 | esp|| | ||
| 040 | _cAR-BaBNM | ||
| 100 | 1 | _aBruner, Jerome S. | |
| 245 | 1 | 0 | _aHacia una teoría de la instrucción |
| 250 | _a1ª ed. | ||
| 260 |
_aMéxico, D.F. _bUteha _c1969 |
||
| 300 |
_axii, 234 p. _bdiagr. |
||
| 490 | 0 |
_aManuales Uteha. Educación _vv. 373 |
|
| 500 | _aUTEHA: Unión Tipográfica Editorial Hispano-Americana | ||
| 504 | _aContiene bibliografía en notas a pie de página | ||
| 650 | 4 | _aTEORIAS DE LA EDUCACION | |
| 650 | 4 | _aEVALUACION | |
| 650 | 4 | _aENSEÑANZA DE LA LENGUA MATERNA | |
| 650 | 4 | _aFINALIDADES DE LA EDUCACION | |
| 650 | 4 | _aCUIDADO DEL NIÑO | |
| 653 | _aPROCESO DE ENSEÑANZA-APRENDIZAJE | ||
| 700 | 1 |
_aParés, Nuria _etraductor |
|
| 942 | _cBK | ||
| 998 | _cSILVI | ||
| 999 |
_c2374 _d2374 |
||